Technicko-ekonomické tendence v rozvoji průmyslových robotů /

Salvato in:
Dettagli Bibliografici
Autore principale: Ptáček, Vladimír (Autore)
Natura: Libro
Pubblicazione: Praha : UVTEI, 1989
Tags: Aggiungi Tag
Nessun Tag, puoi essere il primo ad aggiungerne!!

MARC

LEADER 00000nam a22000003a 4500
001 stu48404
005 20150617225708.2
008 ------s1989----cs----------------------d
040 |a STU  |b slo 
041 0
044 |a cs 
080 |a 621.865.8  |7 A000003983 
080 |a 658.52.011.56  |7 stu_us_auth*stu8281 
100 1 |a Ptáček, Vladimír  |4 aut 
245 1 |a Technicko-ekonomické tendence v rozvoji průmyslových robotů /  |c [aut.] Ptáček,Vladimír 
260 |a Praha :  |b UVTEI,  |c 1989 
300 |a 55 s 
996 |b J83052  |c J*83052/K 3  |l JJK3  |s P  |a 0  |w stu48404_0001